[Event "Charlesbourg op1"]
[Site "Charlesbourg CAN"]
[Date "2004.07.05"]
[Round "4"]
[White "Poliquin, Yvone"]
[Black "Berube, Antoine"]
[Result "0-1"]
[WhiteElo "1840"]
[BlackElo "2011"]
[PlyCount "60"]
[GameId "2160767911096278"]
[EventDate "2004.06.07"]
[EventType "swiss"]
[EventRounds "5"]
[EventCountry "CAN"]
[SourceTitle "EXT 2006"]
[Source "ChessBase"]
[SourceDate "2005.11.24"]
[SourceVersion "1"]
[SourceVersionDate "2005.11.24"]
[SourceQuality "1"]

1. e4 c5 2. Nc3 Nc6 3. Nf3 e5 4. Bc4 d6 5. d3 Be7 6. h3 h6 7. a4 Nf6 8. O-O Be6 9. Nd2 g5 10. Nd5 Qd7 11. Nxf6+ Bxf6 12. Qh5 O-O-O 13. c3 Rdg8 14. Bxe6 fxe6 15. b4 g4 16. hxg4 Rg5 17. Qh3 h5 18. Nf3 hxg4 19. Qxh8+ Bxh8 20. Nxg5 cxb4 21. cxb4 Bf6 22. Be3 Nxb4 23. Rac1+ Kb8 24. Rc4 Nxd3 25. g3 Qe7 26. f4 exf4 27. gxf4 e5 28. fxe5 Nxe5 29. Rc2 b6 30. Rf5 Bxg5 0-1

[Event "Charlesbourg op1"]
[Site "Charlesbourg CAN"]
[Date "2004.07.12"]
[Round "5"]
[White "Coulon, Dominic"]
[Black "Lessard, Claude"]
[Result "0-1"]
[WhiteElo "1803"]
[BlackElo "2074"]
[PlyCount "56"]
[GameId "2160767911096280"]
[EventDate "2004.06.07"]
[EventType "swiss"]
[EventRounds "5"]
[EventCountry "CAN"]
[SourceTitle "EXT 2006"]
[Source "ChessBase"]
[SourceDate "2005.11.24"]
[SourceVersion "1"]
[SourceVersionDate "2005.11.24"]
[SourceQuality "1"]

1. e4 d6 2. d4 g6 3. Nc3 Bg7 4. Be2 Nf6 5. Be3 Nc6 6. g4 e5 7. d5 Nd4 8. g5 Nd7 9. Nf3 Nxe2 10. Nxe2 Nc5 11. Nd2 f5 12. f3 fxe4 13. Nxe4 O-O 14. N2g3 Nxe4 15. fxe4 c6 16. c4 cxd5 17. cxd5 Bd7 18. Qd2 Bg4 19. h3 Bf3 20. O-O Rf4 21. Bxf4 exf4 22. Qxf4 Qb6+ 23. Rf2 Rf8 24. Qd2 Be5 25. Kh2 Bf4 26. Qd3 Bxe4 27. Qxe4 Qxf2+ 28. Qg2 Bxg3+ 0-1

[Event "Charlesbourg op1"]
[Site "Charlesbourg CAN"]
[Date "2004.07.12"]
[Round "5"]
[White "Nadeau, Sebastien"]
[Black "Sauve, Richard"]
[Result "1/2-1/2"]
[WhiteElo "1838"]
[BlackElo "1924"]
[PlyCount "75"]
[GameId "2160767911096281"]
[EventDate "2004.06.07"]
[EventType "swiss"]
[EventRounds "5"]
[EventCountry "CAN"]
[SourceTitle "EXT 2006"]
[Source "ChessBase"]
[SourceDate "2005.11.24"]
[SourceVersion "1"]
[SourceVersionDate "2005.11.24"]
[SourceQuality "1"]

1. e4 e6 2. d4 d5 3. exd5 exd5 4. Nf3 Bd6 5. h3 Nf6 6. Bd3 O-O 7. O-O c6 8. c4 dxc4 9. Bxc4 Nbd7 10. Nc3 Nb6 11. Bb3 Bf5 12. Ne5 Nfd5 13. Qh5 Bg6 14. Nxg6 fxg6 15. Qg4 Kh8 16. Bg5 Qc8 17. Qxc8 Raxc8 18. Nxd5 Nxd5 19. Bxd5 cxd5 20. Rac1 Kg8 21. Rfe1 Kf7 22. g4 h6 23. Bd2 Rfe8 24. Rxc8 Rxc8 25. Rc1 Rc4 26. Be3 Be7 27. b3 Rxc1+ 28. Bxc1 Ke6 29. Kf1 Bf6 30. Be3 Kd6 31. Ke2 Kc6 32. Kd3 b5 33. Kc3 a5 34. a4 Be7 35. Bf4 Bf6 36. Kd3 bxa4 37. bxa4 g5 38. Bg3 1/2-1/2

[Event "Charlesbourg op2"]
[Site "Charlesbourg CAN"]
[Date "2004.07.19"]
[Round "1"]
[White "Crepault, Francois"]
[Black "Tremblay, Rejean"]
[Result "0-1"]
[WhiteElo "1476"]
[BlackElo "2268"]
[PlyCount "56"]
[GameId "2160767911096098"]
[EventDate "2004.07.??"]
[EventType "swiss"]
[EventRounds "5"]
[EventCountry "CAN"]
[SourceTitle "EXT 2006"]
[Source "ChessBase"]
[SourceDate "2005.11.24"]
[SourceVersion "1"]
[SourceVersionDate "2005.11.24"]
[SourceQuality "1"]

1. Nf3 Nf6 2. c4 g6 3. Nc3 Bg7 4. e4 d6 5. d4 O-O 6. Be2 Nbd7 7. O-O e5 8. d5 Nc5 9. Bg5 h6 10. Bxf6 Bxf6 11. b4 Nd7 12. Na4 Bg7 13. Rc1 a5 14. Qb3 axb4 15. c5 f5 16. Nd2 Nf6 17. Qxb4 Qe8 18. Nc3 Qe7 19. cxd6 cxd6 20. Rc2 Nxe4 21. Ncxe4 fxe4 22. Nxe4 Bf5 23. f3 Bxe4 24. fxe4 h5 25. Rxf8+ Rxf8 26. Qb6 Bh6 27. Rc7 Qh4 28. Bf3 Qe1# 0-1

[Event "Charlesbourg op2"]
[Site "Charlesbourg CAN"]
[Date "2004.07.19"]
[Round "1"]
[White "Laflamme, Simon"]
[Black "Leclerc, Jean-Francois"]
[Result "1/2-1/2"]
[WhiteElo "1949"]
[BlackElo "1445"]
[PlyCount "93"]
[GameId "2160767911096100"]
[EventDate "2004.07.??"]
[EventType "swiss"]
[EventRounds "5"]
[EventCountry "CAN"]
[SourceTitle "EXT 2006"]
[Source "ChessBase"]
[SourceDate "2005.11.24"]
[SourceVersion "1"]
[SourceVersionDate "2005.11.24"]
[SourceQuality "1"]

1. d4 d5 2. e4 dxe4 3. Nc3 Nf6 4. f3 exf3 5. Nxf3 Bg4 6. h3 Bh5 7. g4 Bg6 8. g5 Nd5 9. Bc4 c6 10. Ne5 e6 11. Qf3 Nd7 12. Nxg6 hxg6 13. O-O Qe7 14. Bxd5 exd5 15. Bf4 O-O-O 16. a3 Qe6 17. Kg2 Nb6 18. Rae1 Qf5 19. Qg3 Qd7 20. b4 Nc4 21. Na4 Bd6 22. Nc5 Bxf4 23. Rxf4 Qc7 24. Qf3 Nd6 25. Nd3 Nf5 26. Qf2 Rh5 27. h4 Rdh8 28. Rh1 f6 29. gxf6 gxf6 30. Nc5 Qe7 31. Re1 Qf7 32. Qe2 Nxh4+ 33. Kf1 Rf5 34. Qg4 b6 35. Ne6 Rxf4+ 36. Nxf4+ Kb7 37. Re6 Nf5 38. b5 cxb5 39. Qf3 Qh7 40. Qxd5+ Ka6 41. Nd3 Qh3+ 42. Ke1 Qg3+ 43. Kd2 Rh2+ 44. Kc1 Qg2 45. Nb4+ Ka5 46. Nc6+ Ka6 47. Nb4+ 1/2-1/2

[Event "Charlesbourg op2"]
[Site "Charlesbourg CAN"]
[Date "2004.07.19"]
[Round "1"]
[White "Turcot, Jean"]
[Black "Sauve, Richard"]
[Result "0-1"]
[WhiteElo "1450"]
[BlackElo "1988"]
[PlyCount "96"]
[GameId "2160767911096101"]
[EventDate "2004.07.??"]
[EventType "swiss"]
[EventRounds "5"]
[EventCountry "CAN"]
[SourceTitle "EXT 2006"]
[Source "ChessBase"]
[SourceDate "2005.11.24"]
[SourceVersion "1"]
[SourceVersionDate "2005.11.24"]
[SourceQuality "1"]

1. Nf3 d5 2. b4 e6 3. Bb2 Nf6 4. b5 c5 5. e3 Nbd7 6. c4 b6 7. a4 Bb7 8. Be2 dxc4 9. Na3 Be7 10. Nxc4 O-O 11. O-O Nd5 12. d3 Bf6 13. Nfe5 Nxe5 14. Bxe5 Nc3 15. Qc2 Nxe2+ 16. Qxe2 Qd5 17. e4 Qd8 18. Bxf6 Qxf6 19. Ra3 e5 20. Qe3 Rfd8 21. f4 exf4 22. Rxf4 Qd4 23. e5 Qxe3+ 24. Nxe3 Re8 25. Nc4 Bd5 26. Rc3 Bxc4 27. Rfxc4 Rxe5 28. d4 cxd4 29. Rxd4 Rae8 30. Rc1 f6 31. Rcd1 Kf7 32. Rd7+ R8e7 33. R7d4 Re4 34. Kf1 Rxd4 35. Rxd4 Ke6 36. Ke2 Ke5 37. Kd3 f5 38. Ke3 g5 39. g3 h6 40. h4 Rc7 41. Kd3 Rc5 42. hxg5 hxg5 43. g4 Rd5 44. Rxd5+ Kxd5 45. gxf5 Ke5 46. f6 Kxf6 47. Ke2 Ke5 48. Ke3 Kd5 0-1

[Event "Charlesbourg op2"]
[Site "Charlesbourg CAN"]
[Date "2004.07.26"]
[Round "2"]
[White "Sauve, Richard"]
[Black "Theriault, Jean-Louis"]
[Result "1-0"]
[WhiteElo "1988"]
[BlackElo "1582"]
[PlyCount "133"]
[GameId "2160767911096102"]
[EventDate "2004.07.??"]
[EventType "swiss"]
[EventRounds "5"]
[EventCountry "CAN"]
[SourceTitle "EXT 2006"]
[Source "ChessBase"]
[SourceDate "2005.11.24"]
[SourceVersion "1"]
[SourceVersionDate "2005.11.24"]
[SourceQuality "1"]

1. d4 c5 2. d5 Nf6 3. c4 d6 4. Nc3 e6 5. e4 Be7 6. Be2 e5 7. Nf3 Nbd7 8. O-O Nf8 9. Rb1 Ng6 10. b4 b6 11. bxc5 bxc5 12. Qd3 O-O 13. Be3 Nd7 14. g3 Nb6 15. Nd2 Bh3 16. Rfe1 Qd7 17. Bf1 Rfb8 18. Bxh3 Qxh3 19. Nb5 Rb7 20. Nb3 Rd7 21. Na5 Rb8 22. Nc6 Rbb7 23. Nbxa7 Qg4 24. Rb3 Nh4 25. Bd2 Nxc4 26. Qxc4 Rxb3 27. Qxb3 Nf3+ 28. Kh1 Nxe1 29. Bxe1 Qxe4+ 30. Kg1 Qxe1+ 31. Kg2 Bf8 32. a4 Qe2 33. a5 Qa6 34. Qb6 Qc4 35. a6 f5 36. Nb5 Qxd5+ 37. Kg1 c4 38. a7 Rxa7 39. Ncxa7 Qd1+ 40. Kg2 Qb3 41. Qc6 Qd3 42. Nc8 Qe4+ 43. Qxe4 fxe4 44. Nc3 Kf7 45. Nb6 Ke6 46. Nxc4 d5 47. Nb6 d4 48. Nxe4 d3 49. Kf3 Be7 50. Ke3 Kf5 51. Kxd3 g5 52. Nc4 h5 53. h3 Bb4 54. Ne3+ Kg6 55. Kc4 Ba3 56. Kd5 Bb2 57. Nc4 Ba1 58. Nxe5+ Kf5 59. Nf7 h4 60. Nfd6+ Kg6 61. g4 Bb2 62. Nf5 Bc1 63. Ke6 Bf4 64. Ne7+ Kg7 65. Kf5 Kh6 66. Nd5 Bc1 67. f3 1-0

[Event "Charlesbourg op2"]
[Site "Charlesbourg CAN"]
[Date "2004.07.26"]
[Round "2"]
[White "Tremblay, Rejean"]
[Black "Boies, Dominique"]
[Result "1-0"]
[WhiteElo "2268"]
[BlackElo "1602"]
[PlyCount "75"]
[GameId "2160767911096103"]
[EventDate "2004.07.??"]
[EventType "swiss"]
[EventRounds "5"]
[EventCountry "CAN"]
[SourceTitle "EXT 2006"]
[Source "ChessBase"]
[SourceDate "2005.11.24"]
[SourceVersion "1"]
[SourceVersionDate "2005.11.24"]
[SourceQuality "1"]

1. d4 d5 2. c4 dxc4 3. Nf3 b5 4. e3 Nf6 5. a4 c6 6. axb5 cxb5 7. b3 e6 8. bxc4 bxc4 9. Bxc4 Bb4+ 10. Nbd2 O-O 11. O-O a5 12. Ba3 Bxa3 13. Rxa3 Ba6 14. Qa1 Nc6 15. Rc1 Bxc4 16. Rxc4 Nb4 17. Ne5 h6 18. h3 Nh7 19. Rc5 Nf6 20. Raxa5 Rxa5 21. Rxa5 Nfd5 22. Qa4 Qe7 23. Ra7 Qg5 24. Ne4 Qd8 25. Nxf7 Qc8 26. Nc5 Nc6 27. Nd6 Qb8 28. Qxc6 Qb1+ 29. Kh2 Rxf2 30. Rxg7+ Kxg7 31. Nxe6+ Kf6 32. Qxd5 Rf1 33. Qe5+ Kg6 34. Nf4+ Kh7 35. Qe7+ Kh8 36. Qf8+ Kh7 37. Qf7+ Kh8 38. Ng6+ 1-0

[Event "Charlesbourg op2"]
[Site "Charlesbourg CAN"]
[Date "2004.08.02"]
[Round "3"]
[White "Boissinot, Claude"]
[Black "Valley, Michel"]
[Result "0-1"]
[WhiteElo "1582"]
[BlackElo "1874"]
[PlyCount "132"]
[GameId "2160767911096104"]
[EventDate "2004.07.??"]
[EventType "swiss"]
[EventRounds "5"]
[EventCountry "CAN"]
[SourceTitle "EXT 2006"]
[Source "ChessBase"]
[SourceDate "2005.11.24"]
[SourceVersion "1"]
[SourceVersionDate "2005.11.24"]
[SourceQuality "1"]

1. e4 c5 2. d4 cxd4 3. c3 d3 4. Bxd3 d6 5. Bc4 Nc6 6. Nf3 e6 7. O-O Be7 8. Qe2 Qc7 9. h3 Nf6 10. Rd1 O-O 11. Nbd2 a6 12. a3 b5 13. Ba2 Bb7 14. Nf1 Rad8 15. Ng3 h6 16. Be3 Rfe8 17. Rac1 d5 18. exd5 exd5 19. Nf5 Bf8 20. Qc2 Ne7 21. Bd4 Ne4 22. Nxe7+ Rxe7 23. Bb1 Bc8 24. Nh2 Bf5 25. Qb3 Be6 26. Rd3 Nc5 27. Bxc5 Qxc5 28. Rg3 d4 29. Qc2 d3 30. Qd2 Bf5 31. Re3 Rxe3 32. fxe3 Qd5 33. Rf1 Bc5 34. Re1 Re8 35. Nf1 Re5 36. Kh2 Bd6 37. Kg1 Bxh3 38. Bxd3 Bxg2 39. e4 Bxe4 40. Bxe4 Rg5+ 41. Kh1 Rh5+ 42. Kg2 Qxd2+ 43. Nxd2 Rh2+ 44. Kf3 Rxd2 45. Bb7 Rxb2 46. Bxa6 Rb3 47. Re3 Bxa3 48. Ke4 b4 49. c4 Rxe3+ 50. Kxe3 b3 51. Bb7 Kf8 52. Be4 Ke7 53. Kd4 Bb2+ 54. Kd5 g5 55. c5 Bc1 56. c6 Bf4 57. Kc4 b2 58. Kb3 Bc1 59. Kc4 Kd6 60. Kc3 g4 61. Kc2 g3 62. Bg2 h5 63. Bf3 h4 64. Bg2 f5 65. Kb1 f4 66. Kc2 f3 0-1

[Event "Charlesbourg op2"]
[Site "Charlesbourg CAN"]
[Date "2004.08.02"]
[Round "3"]
[White "Lapierre, Gaetan"]
[Black "Tremblay, Rejean"]
[Result "0-1"]
[WhiteElo "1822"]
[BlackElo "2268"]
[PlyCount "58"]
[GameId "2160767911096105"]
[EventDate "2004.07.??"]
[EventType "swiss"]
[EventRounds "5"]
[EventCountry "CAN"]
[SourceTitle "EXT 2006"]
[Source "ChessBase"]
[SourceDate "2005.11.24"]
[SourceVersion "1"]
[SourceVersionDate "2005.11.24"]
[SourceQuality "1"]

1. e4 c5 2. Nf3 d6 3. d4 cxd4 4. Nxd4 Nf6 5. Nc3 a6 6. Bg5 e6 7. f4 b5 8. e5 dxe5 9. fxe5 Qc7 10. Bxf6 gxf6 11. Qf3 Qxe5+ 12. Be2 Ra7 13. O-O-O Bb7 14. Qd3 Bh6+ 15. Kb1 O-O 16. Qh3 Qe3 17. Bf3 Bg7 18. Rhe1 Qh6 19. Qg3 Bxf3 20. gxf3 f5 21. Rg1 Rd7 22. Nde2 Rc8 23. Rxd7 Nxd7 24. Nf4 Kh8 25. Nfe2 Ne5 26. f4 Ng6 27. Qf2 Bxc3 28. bxc3 Rc4 29. Qa7 Qf8 0-1

[Event "Charlesbourg op2"]
[Site "Charlesbourg CAN"]
[Date "2004.08.02"]
[Round "3"]
[White "Lessard, Claude"]
[Black "Arteau, Benoit"]
[Result "1/2-1/2"]
[WhiteElo "2101"]
[BlackElo "1688"]
[PlyCount "106"]
[GameId "2160767911096106"]
[EventDate "2004.07.??"]
[EventType "swiss"]
[EventRounds "5"]
[EventCountry "CAN"]
[SourceTitle "EXT 2006"]
[Source "ChessBase"]
[SourceDate "2005.11.24"]
[SourceVersion "1"]
[SourceVersionDate "2005.11.24"]
[SourceQuality "1"]

1. d4 Nf6 2. Bg5 Ne4 3. Bh4 g5 4. f3 gxh4 5. fxe4 e6 6. Nf3 b6 7. Nc3 Bb7 8. e3 Rg8 9. Qd2 d6 10. Qf2 Bh6 11. O-O-O Nd7 12. Bb5 Qe7 13. Rhf1 Rg7 14. d5 O-O-O 15. Bxd7+ Rxd7 16. Kb1 Rd8 17. Nxh4 Bxe3 18. Qxe3 Qxh4 19. h3 Rdg8 20. g4 h5 21. e5 hxg4 22. hxg4 dxe5 23. d6 Bc6 24. dxc7 Qe7 25. Ne4 Bxe4 26. Qxe4 Qxc7 27. Rd3 Kb8 28. Rfd1 Rxg4 29. Qh1 Rc8 30. c3 Qb7 31. Qh2 Qe4 32. Ka1 Rh4 33. Qd2 Rh1 34. a3 Rxd1+ 35. Qxd1 Rc7 36. Rd8+ Kb7 37. Qh5 Qf4 38. Qh1+ e4 39. Qh8 Qf1+ 40. Ka2 e3 41. Qe5 Qc4+ 42. Kb1 f5 43. Qxe3 Qe4+ 44. Qxe4+ fxe4 45. Rd4 Kc6 46. Rxe4 Kd5 47. Re2 e5 48. Kc2 b5 49. Rh2 Rc6 50. Kd2 a6 51. Ke3 Rg6 52. Rd2+ Ke6 53. Rh2 Kd5 1/2-1/2

[Event "Charlesbourg op2"]
[Site "Charlesbourg CAN"]
[Date "2004.08.02"]
[Round "3"]
[White "Sirois, Eric"]
[Black "Sauve, Richard"]
[Result "0-1"]
[WhiteElo "1647"]
[BlackElo "1988"]
[PlyCount "108"]
[GameId "2160767911096107"]
[EventDate "2004.07.??"]
[EventType "swiss"]
[EventRounds "5"]
[EventCountry "CAN"]
[SourceTitle "EXT 2006"]
[Source "ChessBase"]
[SourceDate "2005.11.24"]
[SourceVersion "1"]
[SourceVersionDate "2005.11.24"]
[SourceQuality "1"]

1. e4 e6 2. d4 d5 3. Nd2 Nf6 4. e5 Nfd7 5. Bd3 c5 6. c3 Nc6 7. Ne2 cxd4 8. cxd4 f6 9. exf6 Nxf6 10. O-O Bd6 11. Nf3 O-O 12. Bf4 Bxf4 13. Nxf4 Ne4 14. Ne2 Ng5 15. Ne5 Nxe5 16. dxe5 Qb6 17. Qc2 Bd7 18. h4 Rac8 19. Nc3 Ne4 20. Bxe4 dxe4 21. Qe2 Rc5 22. Qxe4 Qxb2 23. Qd4 Qxc3 24. Qxd7 Qxe5 25. Qxb7 Ra5 26. Qe7 Qf6 27. Qxf6 gxf6 28. Rfd1 Kg7 29. Rd2 Rd5 30. Rad1 Rfd8 31. Rxd5 Rxd5 32. Rc1 Ra5 33. Rc2 Kg6 34. g3 h5 35. Kg2 Kf5 36. f3 e5 37. Re2 Ra4 38. Kf2 Ke6 39. Rd2 f5 40. Ke2 Ra3 41. Kf2 a5 42. Kg2 a4 43. Kf2 Rc3 44. Kg2 a3 45. Kf2 Rc1 46. Kg2 Rb1 47. Kf2 Rb2 48. Ke2 e4 49. f4 Rxd2+ 50. Kxd2 Kd5 51. Ke3 Kc5 52. g4 fxg4 53. Kxe4 Kd6 54. f5 Ke7 0-1

[Event "Charlesbourg op2"]
[Site "Charlesbourg CAN"]
[Date "2004.08.09"]
[Round "4"]
[White "Arteau, Benoit"]
[Black "Beaudoin, Stephane"]
[Result "1/2-1/2"]
[WhiteElo "1688"]
[BlackElo "2036"]
[PlyCount "53"]
[GameId "2160767911096108"]
[EventDate "2004.07.??"]
[EventType "swiss"]
[EventRounds "5"]
[EventCountry "CAN"]
[SourceTitle "EXT 2006"]
[Source "ChessBase"]
[SourceDate "2005.11.24"]
[SourceVersion "1"]
[SourceVersionDate "2005.11.24"]
[SourceQuality "1"]

1. d4 Nf6 2. c4 e6 3. Nc3 c5 4. Bg5 Be7 5. e3 O-O 6. Nf3 h6 7. Bh4 cxd4 8. exd4 d5 9. Bxf6 Bxf6 10. cxd5 exd5 11. Qb3 Nc6 12. Qxd5 Qb6 13. O-O-O Bg4 14. Bd3 Rfe8 15. Rde1 Bxf3 16. Qxf3 Nxd4 17. Qg3 Rac8 18. Rxe8+ Rxe8 19. Kb1 Qc6 20. Rc1 Qd7 21. h3 Ne6 22. Bb5 Qd8 23. Bxe8 Qxe8 24. Qd6 Nd4 25. Qd5 Ne2 26. Nxe2 Qxe2 27. Qxb7 1/2-1/2

[Event "Charlesbourg op2"]
[Site "Charlesbourg CAN"]
[Date "2004.08.09"]
[Round "4"]
[White "Laflamme, Simon"]
[Black "Letourneau, Alex"]
[Result "1-0"]
[WhiteElo "1949"]
[BlackElo "1574"]
[PlyCount "54"]
[GameId "2160767911096109"]
[EventDate "2004.07.??"]
[EventType "swiss"]
[EventRounds "5"]
[EventCountry "CAN"]
[SourceTitle "EXT 2006"]
[Source "ChessBase"]
[SourceDate "2005.11.24"]
[SourceVersion "1"]
[SourceVersionDate "2005.11.24"]
[SourceQuality "1"]

1. d4 Nf6 2. Nc3 d5 3. e4 dxe4 4. f3 c5 5. Bb5+ Bd7 6. dxc5 Qa5 7. Qe2 a6 8. Bc4 Nc6 9. fxe4 e5 10. Bd2 Qxc5 11. Nf3 Bg4 12. Nd5 Nd4 13. Qd3 Bxf3 14. Nxf6+ gxf6 15. gxf3 Rd8 16. O-O-O Rc8 17. Bb3 h5 18. Be3 Bh6 19. Bxh6 Rxh6 20. Kb1 Qc7 21. Rdg1 Rh8 22. Rg8+ Rxg8 23. Qd2 Ke7 24. c4 Qd7 25. c5 b5 26. c6 h4 27. c7 h3 1-0

[Event "Charlesbourg op2"]
[Site "Charlesbourg CAN"]
[Date "2004.08.09"]
[Round "4"]
[White "Tremblay, Rejean"]
[Black "Sauve, Richard"]
[Result "1-0"]
[WhiteElo "2268"]
[BlackElo "1988"]
[PlyCount "113"]
[GameId "2160767911096110"]
[EventDate "2004.07.??"]
[EventType "swiss"]
[EventRounds "5"]
[EventCountry "CAN"]
[SourceTitle "EXT 2006"]
[Source "ChessBase"]
[SourceDate "2005.11.24"]
[SourceVersion "1"]
[SourceVersionDate "2005.11.24"]
[SourceQuality "1"]

1. d4 e6 2. c4 Nf6 3. Nc3 Bb4 4. Qc2 O-O 5. a3 Bxc3+ 6. Qxc3 b6 7. Bg5 Bb7 8. f3 d6 9. e3 Nbd7 10. Bd3 c5 11. Ne2 cxd4 12. exd4 Rc8 13. Qd2 Ba6 14. Rc1 d5 15. cxd5 Bxd3 16. Qxd3 Rxc1+ 17. Nxc1 exd5 18. O-O Re8 19. Ne2 h6 20. Bh4 Qe7 21. Nc3 Qe3+ 22. Qxe3 Rxe3 23. Rd1 g5 24. Bg3 a6 25. a4 b5 26. axb5 axb5 27. Kf2 Re6 28. Re1 Rc6 29. Re3 Rc4 30. Rd3 b4 31. Ne2 Nb6 32. b3 Rc6 33. Kf1 Nbd7 34. Rd1 Kg7 35. Rc1 Rb6 36. Rc8 Nf8 37. Rb8 Ra6 38. Be5 Ng6 39. Bxf6+ Kxf6 40. Rxb4 Ra1+ 41. Kf2 Ra2 42. Rb6+ Ke7 43. g3 h5 44. Ke3 Ra1 45. f4 gxf4+ 46. Nxf4 Nxf4 47. Kxf4 Rh1 48. h4 Rd1 49. Ke5 Rd3 50. Rb7+ Kd8 51. Rxf7 Rxb3 52. Rg7 Rf3 53. Kxd5 Rf5+ 54. Ke4 Rf1 55. Rg5 Rg1 56. d5 Kd7 57. Kf5 1-0

[Event "Charlesbourg op2"]
[Site "Charlesbourg CAN"]
[Date "2004.08.09"]
[Round "4"]
[White "Valley, Michel"]
[Black "Lessard, Claude"]
[Result "1-0"]
[WhiteElo "1874"]
[BlackElo "2101"]
[PlyCount "83"]
[GameId "2160767911096111"]
[EventDate "2004.07.??"]
[EventType "swiss"]
[EventRounds "5"]
[EventCountry "CAN"]
[SourceTitle "EXT 2006"]
[Source "ChessBase"]
[SourceDate "2005.11.24"]
[SourceVersion "1"]
[SourceVersionDate "2005.11.24"]
[SourceQuality "1"]

1. e4 d6 2. d4 g6 3. Nc3 Bg7 4. f4 c5 5. Nf3 cxd4 6. Nxd4 Nf6 7. Bb5+ Bd7 8. e5 Ng8 9. e6 Bxb5 10. exf7+ Kxf7 11. Ndxb5 Nf6 12. O-O a6 13. Nd4 Nc6 14. Kh1 Qb6 15. Nf3 h6 16. Ng5+ hxg5 17. fxg5 Rxh2+ 18. Kxh2 Rh8+ 19. Kg3 Qb4 20. Rf4 Nd4 21. gxf6 Nf5+ 22. Kf3 Qb6 23. fxg7 Kxg7 24. Rxf5 gxf5 25. Rb1 e5 26. Be3 Qb4 27. Ke2 Rh2 28. Kd2 Rxg2+ 29. Kc1 f4 30. a3 Qa5 31. Qxd6 fxe3 32. Qd7+ Kf6 33. Nd5+ Kg5 34. Qg7+ Kh4 35. Qh6+ Kg3 36. Qxe3+ Kh2 37. Qxe5+ Kh1 38. Qh5+ Kg1 39. c3 Qd8 40. b4 Qf8 41. Qd1+ Kh2 42. Rb2 1-0

[Event "Charlesbourg op2"]
[Site "Charlesbourg CAN"]
[Date "2004.08.16"]
[Round "5"]
[White "Berube, Antoine"]
[Black "Arteau, Benoit"]
[Result "0-1"]
[WhiteElo "2104"]
[BlackElo "1688"]
[PlyCount "54"]
[GameId "2160767911096112"]
[EventDate "2004.07.??"]
[EventType "swiss"]
[EventRounds "5"]
[EventCountry "CAN"]
[SourceTitle "EXT 2006"]
[Source "ChessBase"]
[SourceDate "2005.11.24"]
[SourceVersion "1"]
[SourceVersionDate "2005.11.24"]
[SourceQuality "1"]

1. d4 Nf6 2. c4 e6 3. Nc3 Bb4 4. e3 Ne4 5. Qc2 f5 6. Bd3 d5 7. Nge2 O-O 8. O-O c6 9. f3 Nxc3 10. bxc3 Bd6 11. Bd2 Bd7 12. e4 g6 13. e5 Be7 14. Rab1 Qc7 15. Qb3 b6 16. cxd5 cxd5 17. c4 Bc6 18. Nc3 Rd8 19. cxd5 Bxd5 20. Nxd5 Rxd5 21. Rbc1 Qb7 22. Bc4 Rxd4 23. Bxe6+ Kg7 24. Rc8 Rd3 25. Rfc1 Na6 26. h4 Rd8 27. Rxa8 Qxa8 0-1

[Event "Charlesbourg op2"]
[Site "Charlesbourg CAN"]
[Date "2004.08.16"]
[Round "5"]
[White "Sauve, Richard"]
[Black "Chouinard, Marc"]
[Result "1-0"]
[WhiteElo "1988"]
[BlackElo "1580"]
[PlyCount "59"]
[GameId "2160767911096113"]
[EventDate "2004.07.??"]
[EventType "swiss"]
[EventRounds "5"]
[EventCountry "CAN"]
[SourceTitle "EXT 2006"]
[Source "ChessBase"]
[SourceDate "2005.11.24"]
[SourceVersion "1"]
[SourceVersionDate "2005.11.24"]
[SourceQuality "1"]

1. d4 Nf6 2. c4 c5 3. d5 e6 4. Nc3 exd5 5. cxd5 d6 6. e4 g6 7. Be2 Bg7 8. Nf3 O-O 9. O-O Re8 10. Nd2 a6 11. a4 Nbd7 12. f3 Rb8 13. Nc4 Ne5 14. Nxe5 Rxe5 15. Bf4 Re8 16. Qd2 Nh5 17. Be3 f5 18. Bg5 Bd4+ 19. Kh1 Qc7 20. Rac1 Nf6 21. b4 fxe4 22. bxc5 dxc5 23. Bf4 Be5 24. d6 Qc6 25. Nxe4 Nxe4 26. fxe4 Bd7 27. Bc4+ Kg7 28. Bxe5+ Rxe5 29. Rf7+ Kh8 30. Qh6 1-0

[Event "Charlesbourg op2"]
[Site "Charlesbourg CAN"]
[Date "2004.08.16"]
[Round "5"]
[White "Sirois, Eric"]
[Black "Laflamme, Simon"]
[Result "1-0"]
[WhiteElo "1647"]
[BlackElo "1949"]
[PlyCount "53"]
[GameId "2160767911096114"]
[EventDate "2004.07.??"]
[EventType "swiss"]
[EventRounds "5"]
[EventCountry "CAN"]
[SourceTitle "EXT 2006"]
[Source "ChessBase"]
[SourceDate "2005.11.24"]
[SourceVersion "1"]
[SourceVersionDate "2005.11.24"]
[SourceQuality "1"]

1. e4 c5 2. Nf3 d6 3. d4 cxd4 4. Nxd4 Nf6 5. Nc3 a6 6. Be3 e5 7. Nb3 Be6 8. Qd2 Nbd7 9. f3 b5 10. a4 b4 11. Nd5 Bxd5 12. exd5 Nb6 13. Bxb6 Qxb6 14. a5 Qb7 15. Bc4 Be7 16. Ra4 Rb8 17. Nc1 O-O 18. Na2 Qd7 19. Rxb4 e4 20. O-O Qa7+ 21. Kh1 exf3 22. Rxf3 Ne4 23. Qe2 Ng5 24. Re3 Bf6 25. h4 Rxb4 26. Nxb4 Bd4 27. Nc6 1-0

[Event "Daffodil op"]
[Site "Victoria CAN"]
[Date "2004.04.24"]
[Round "1"]
[White "Campbell, Jamie"]
[Black "Wu, Howard"]
[Result "0-1"]
[WhiteElo "1557"]
[BlackElo "2210"]
[PlyCount "122"]
[GameId "2160767911166640"]
[EventDate "2004.04.24"]
[EventType "swiss"]
[EventRounds "5"]
[EventCountry "CAN"]

1. b3 c5 2. c4 Nc6 3. Bb2 e5 4. Nf3 d6 5. Nc3 g6 6. g3 Bg7 7. d3 Nge7 8. Bg2 O-O 9. O-O h6 10. e3 f5 11. Ne2 e4 12. Bxg7 exf3 13. Bxf8 fxe2 14. Qxe2 Qxf8 15. Rfd1 Bd7 16. d4 cxd4 17. exd4 Re8 18. d5 Ne5 19. f4 Ng4 20. Qf3 Nc8 21. Re1 Kh7 22. h3 Nf6 23. Rxe8 Qxe8 24. Qf2 Qd8 25. b4 Qb6 26. Qxb6 axb6 27. h4 Kg7 28. Rc1 Ne7 29. b5 Neg8 30. a4 Ng4 31. Rc3 N8f6 32. Ra3 Ne4 33. Bf3 Nc5 34. Bxg4 fxg4 35. a5 bxa5 36. Rxa5 Bf5 37. Ra1 Bd3 38. Rc1 Kf6 39. Kf2 Be4 40. Ke3 Bf3 41. Ra1 Be4 42. Ra3 Ke7 43. Kd4 Kd7 44. Re3 Bf5 45. Ra3 Ne4 46. Re3 Nd2 47. c5 dxc5+ 48. Kxc5 b6+ 49. Kd4 Nf3+ 50. Kc4 Kd6 51. Ra3 Nd2+ 52. Kd4 Bd7 53. Ra6 Kc7 54. Ra7+ Kc8 55. d6 Bxb5 56. Rg7 Nf3+ 57. Kd5 Be8 58. Ke6 Nd4+ 59. Ke7 Nf5+ 60. Kxe8 Nxg7+ 61. Ke7 Nf5+ 0-1